Couples from Game Changers - Statistics

General Stats
  • This quiz has been taken 23 times
  • The average score is 5 of 12
Answer Stats
Book Answer % Correct
Shane Hollander
89%
Heated Rivalry Ilya Rozanov
84%
Scott Hunter
79%
Long Game Ilya Rozanov
53%
Shane Hollander
53%
Tough Guy Fabien Salah
32%
Ryan Price
32%
Troy Barrett
26%
Game Changers Kit Grady
16%
Role Model Harris Dover
11%
Eric Bennett
5%
Common Goal Kyle Swift
0%
No matching quizzes found
Score Distribution
Percent of People with Each Score
Percentile by Number Answered
Your Score History
You have not taken this quiz